| 000 | 00433cam a2200169ua 4500 | ||
|---|---|---|---|
| 020 | _c1.5 | ||
| 041 |
_aeng _h |
||
| 082 |
_a828.09 _bMUL/CR |
||
| 100 | _aMullik, B.R. | ||
| 245 |
_aCritical students vol-28: Emily Bronte`s Wuthering heights / _cB R Mullik. _hTextual Documents |
||
| 260 |
_aNew Delhi : _bS.Chand and Co , _c1961. |
||
| 300 | _a32 ; . | ||
| 365 | _a1.5 | ||
| 504 | _a | ||
| 942 | _cBK | ||
| 999 |
_c11406 _d11406 |
||